Historical Atlas / (Record no. 866)
[ view plain ]
| 000 -LEADER | |
|---|---|
| fixed length control field | 00277cam a2200121ua 4500 |
| 082 ## - DEWEY DECIMAL CLASSIFICATION NUMBER | |
| Classification number | 911 |
| Item number | SHE/HI |
| 100 ## - MAIN ENTRY--AUTHOR NAME | |
| Personal name | Sheperd, William R. |
| 245 ## - TITLE STATEMENT | |
| Title | Historical Atlas / |
| 250 ## - EDITION STATEMENT | |
| Edition statement | 8 th |
| 260 ## - PUBLICATION, DISTRIBUTION, ETC. (IMPRINT) | |
| Place of publication | New York : |
| Name of publisher | Barnes & Noble , |
| Year of publication | 1956. |
| 300 ## - PHYSICAL DESCRIPTION | |
| Number of Pages | 115 ; . |
| 942 ## - ADDED ENTRY ELEMENTS (KOHA) | |
| Koha item type | Reference |
| Withdrawn status | Lost status | Damaged status | Collection code | Home library | Current library | Shelving location | Date acquired | Full call number | Accession Number | Koha item type |
|---|---|---|---|---|---|---|---|---|---|---|
| Reference | KAUAET | KAUAET | Reference | 07/04/2012 | 911.SHE/HI | 599 | Reference |
